| 000 | 00967nam a2200289 i 4500 | ||
|---|---|---|---|
| 001 | 106402 | ||
| 003 | ES-MaACL | ||
| 005 | 20250708022753.0 | ||
| 007 | t| | ||
| 008 | 061110s1996 fr ||||1| fre d | ||
| 020 | _a2-02-028140-6 | ||
| 080 | _a784.4.036(44)"19" | ||
| 080 | _a929(44)"19":78(038) | ||
| 100 | 1 |
_aBrunschwig, Chantal. _932208 |
|
| 245 | 1 | 0 |
_aCents ans de chanson française _b: 1880-1980 / _cChantal Brunschwig, Louis-Jean Calvet, Jean-Claude Klein. |
| 260 |
_aParis : _bSeuil, _c[1996] |
||
| 300 |
_a443 p. ; _c18 cm. |
||
| 490 | 1 | _aPoints. Actuels | |
| 500 | _aBiblioteca Jacinto Martínez Lacalle. | ||
| 650 | 1 | 4 |
_aCanciones francesas- _yS.XX- _vDiccionarios _910730 |
| 650 | 1 | 4 |
_aCantantes- _zFrancia- _xBiografías- _vDiccionarios. _910746 |
| 700 | 1 |
_aCalvet, Louis-Jean. _933812 |
|
| 700 | 1 |
_aKlein, Jean-Claude. _968210 |
|
| 830 | 0 |
_aPoints. Actuels _9232843 |
|
| 852 |
_aES-MaACL _jE-11388 _bR.139130 |
||
| 999 |
_c106402 _d106402 |
||